010220000a22002410004500090001400000245010600014500003000120650002100150650003100171650003200202650002900234650002900263651002000292653002900312041001400341700004400355700003600399100004400435942001300479773010100492999001700593952017000610 aARb0322410aEvaluación agronómica e Industrial de de siete variedades de albahaca en zona cafetera colombiana a<>14aAgricultura930414aPlantas medicinales99326314aAnálisis químico99499314aDiversificación99678514aCultivo de café917855 4pColombia992749 gOcimuneOcimun basilicum0 aEspañol1 aMoreno Berrocal, Argemiro Miguel9967861 aMurillo Perea, Elizabeth9967871 aRamírez Quimbayo, Carlos Julio996788 cARTICULO1 tCenicafé: revista del Centro Nacional de Investigaciones de Café31418h2q117-126d2001g52 c12279d12279 001040718HEMEROTECAaBogotabBogotad2015-02-27eBiocomerciohFuera de circulaciónl0oAR 03224p013831r2015-03-25 00:00:00t1w2015-03-25xEntregadoyARTICULO